The Highland bagpipe [ music, history, traditon

Bibliographic Details
Main Author: Dickson, Joshua (Author)
Format: Book
Language:English
Published: Farnham, England Burlington, VT : Ashgat , c2009
Series:Ashgate popular and folk music series
Subjects:
Online Access:NetLibrary

MARC

LEADER 00000cam a2200000 7i4500
001 0000071221
005 20110512093000.0
008 110313s2009 enk eng
020 |a 0754694631 (electronic bk.) 
020 |a 9780754666691 
020 |a 9780754694632 (electronic bk.) 
050 0 0 |a ML980   |b .H54 2008 
090 0 0 |a ML980   |b .H54 2008 
245 0 4 |a The Highland bagpipe [  |h electronic resource] :   |b music, history, traditon   |c edited by Joshua Dickson 
260 |a Farnham, England   |a Burlington, VT :   |b Ashgat ,   |c c2009 
300 |a 1 online resource (xxi, 377 p.) :   |b ill 
490 1 |a Ashgate popular and folk music series 
500 |a Description based on print version record 
504 |a Includes bibliographical references and index 
650 0 |a Bagpipe music   |z Scotland   |z Highland   |x History and criticism 
650 0 |a Bagpipe   |z Scotland   |z Highland   |x History 
700 1 |a Dickson, Joshua ,   |e author 
856 4 0 |3 NetLibrary   |u http://www.netlibrary.com/urlapi.asp?action=summary&v=1&bookid=292725 
999 |a 1000137584   |b Electronic Book   |c Electronic Resource   |e Gong Badak Campus